004380000a2200133000450024501220000065000240012265000210014665000220016765000260018904100130021570000200022810000190024877300370026710aNutrient dynamics within amazonian forests: II. Fine root growth, nutrient availability and leaf litter decomposition14aCiclo de nutrientes14aDescomposición14aSelva amazónica14aProducción primaria0 aInglés1 aMedina, Ernesto1 aCuevas, Elvira1 tOecologia380h76q222-235d1988